000 00358nam a22001457a 4500
005 20170406100127.0
008 170406b xxu||||| |||| 00| 0 eng d
020 _a978-81-203-5113-3
041 _aeng
100 _aRAVI, V
_93825
245 _aINDUSTRIAL ENGINEERING AND MANAGEMENT
260 _aDELHI
_bPHI LEARNING PVT
_c2015
300 _a430
942 _cBK
999 _c5421
_d5419